[Event "VII Ugra Governor's Cup"]
[Site "Khanty-Mansiysk RUS"]
[Date "2011.09.01"]
[Round "2"]
[White "Sedenko,A"]
[Black "Vokarev,S"]
[Result "0-1"]
[WhiteElo "2044"]
[BlackElo "2431"]

1.e4 c5 2.Ne2 Nc6 3.Nbc3 g6 4.g3 Bg7 5.Bg2 d6 6.h3 e6 7.O-O Nge7 8.d3 O-O
9.Be3 Nd4 10.Rb1 b6 11.g4 Bb7 12.Ng3 f5 13.gxf5 exf5 14.exf5 Bxg2 15.Kxg2 Nexf5
16.Nxf5 Rxf5 17.Bxd4 cxd4 18.Ne4 Qd7 19.c4 dxc3 20.bxc3 Raf8 21.Qg4 d5 22.Ng3 h5
23.Qd1 Rf4 24.Rb4 Qf7 25.Rxf4 Qxf4 26.d4 h4 27.Nh1 Rf5 28.Rg1 Kf7 29.Qe2 Rg5+
30.Ng3 hxg3 31.f3 Rf5 32.Re1 Kg8 33.Qe6+ Kh7 34.Re3 Bh6 35.Rd3 Qc7 36.c4 Qxc4
37.Qe7+ Kg8 38.Qe6+ Kg7 39.Qe7+ Rf7 40.Qe5+ Kh7 41.Qe2 Bf4 42.h4 Rc7 43.Kh3 Qc2
44.Qd1 Qh2+ 45.Kg4 g2  0-1

[Event "FIDE World Cup 2011"]
[Site "Khanty-Mansiysk RUS"]
[Date "2011.09.01"]
[Round "2.2"]
[White "Inarkiev,E"]
[Black "Moiseenko,A1"]
[Result "1/2-1/2"]
[WhiteElo "2679"]
[BlackElo "2715"]

1.e4 c5 2.Nf3 Nc6 3.Nc3 Nf6 4.Bb5 Qc7 5.O-O Nd4 6.Bc4 e6 7.h3 a6 8.a4 Be7
9.d3 O-O 10.Nxd4 cxd4 11.Ne2 Nxe4 12.Nxd4 d5 13.Ba2 Nd6 14.c3 Bf6 15.Nf3  1/2-1/2

[Event "VII Ugra Governor's Cup"]
[Site "Khanty-Mansiysk RUS"]
[Date "2011.09.01"]
[Round "2"]
[White "Mamedov,Rau"]
[Black "Kalmachevskikh,V"]
[Result "1-0"]
[WhiteElo "2679"]
[BlackElo "2293"]

1.e4 c5 2.Ne2 Nc6 3.Nbc3 g6 4.g3 Bg7 5.Bg2 e6 6.O-O Nge7 7.d3 O-O 8.Be3 b6
9.d4 d6 10.Qd2 e5 11.dxc5 dxc5 12.Nd5 Nxd5 13.exd5 Nd4 14.c3 Nxe2+ 15.Qxe2 f5
16.d6 Rb8 17.Rad1 Bb7 18.f4 Bxg2 19.Kxg2 e4 20.Qc4+ Kh8 21.d7 Bf6 22.Rd6 Kg7
23.Rfd1 Rb7 24.Qd5 Rb8 25.b4 Kh6 26.bxc5 bxc5 27.Bxc5 Be7 28.Re6 Rb2+ 29.Kh3 Bxc5
30.Qxc5 Rb8 31.Qe5 Kh5 32.Qg7 Rh8 33.Rd5  1-0

[Event "TCh-SRB Premier Men"]
[Site "Valjevo SRB"]
[Date "2011.09.01"]
[Round "6.5"]
[White "Nadj Hedjesi,B"]
[Black "Dimitrijevic,Sr"]
[Result "0-1"]
[WhiteElo "2354"]
[BlackElo "2302"]

1.e4 c5 2.Nc3 Nc6 3.Bb5 Nd4 4.Bc4 e6 5.Nf3 a6 6.Nxd4 cxd4 7.Ne2 b5 8.Bb3 Bc5
9.O-O Bb7 10.d3 Ne7 11.Ng3 O-O 12.Qh5 Qb6 13.f4 g6 14.Qg5 f6 15.Qh6 f5 16.Bd2 Kh8
17.Rae1 Ng8 18.Qh3 Nf6 19.Kh1 a5 20.c3 a4 21.Bd1 b4 22.c4 Kg7 23.Bf3 h5 24.exf5 exf5
25.Bxb7 Qxb7 26.Qh4 b3 27.a3 Rae8 28.Qg5 Kf7 29.Re5 d6 30.Rxf5 gxf5 31.Nxf5 Rg8
32.Nh6+ Ke7 33.Re1+ Kd7 34.Qf5+ Kc7 35.Nxg8 Rxe1+ 36.Bxe1 Nxg8 37.Qf7+ Kb8
38.Qxg8+ Qc8 39.Qg6 Bxa3 40.Qxh5 Bc5 41.Qd1 Qb7 42.Qb1 a3 43.bxa3 Bxa3 44.h4 b2
45.h5 d5 46.Bf2 Qb6 47.cxd5 Qc5 48.h6 Qc1+ 49.Bg1 Bf8 50.h7 Bg7  0-1

[Event "TCh-SRB Premier Women"]
[Site "Valjevo SRB"]
[Date "2011.09.01"]
[Round "6.1"]
[White "Eric,J"]
[Black "Vuckovic,L"]
[Result "1-0"]
[WhiteElo "2282"]
[BlackElo "1752"]

1.e4 c5 2.Nf3 Nc6 3.Nc3 g6 4.d4 cxd4 5.Nxd4 Bg7 6.Nb3 Nf6 7.Be2 O-O 8.O-O d6
9.Bg5 b6 10.Bb5 Bb7 11.Qe2 a6 12.Bxc6 Bxc6 13.Nd4 Bb7 14.Rad1 Qc7 15.f4 Rfe8
16.f5 b5 17.a3 Qc5 18.Be3 Qc8 19.Qf3 Rf8 20.Kh1 Nd7 21.Qh3 Nf6 22.Qh4 h5
23.h3 e5 24.fxe6 fxe6 25.Qg3 e5 26.Nf3 Nxe4 27.Nxe4 Bxe4 28.Rxd6 Qxc2 29.Kh2 Qxb2
30.Rd7 Qxa3 31.Rxg7+ Kxg7 32.Qxe5+ Kg8 33.Qe6+ Kg7 34.Bd4+ Kh6 35.Qxe4 Rae8
36.Qc6 Qd3 37.Qc1+ Kh7 38.Qc7+  1-0

[Event "TCh-SRB Premier Men"]
[Site "Valjevo SRB"]
[Date "2011.09.01"]
[Round "6.2"]
[White "Velickovic,Sa"]
[Black "Roganovic,Milo"]
[Result "0-1"]
[WhiteElo "2409"]
[BlackElo "2476"]

1.e4 c5 2.Nf3 Nc6 3.Nc3 g6 4.d4 cxd4 5.Nxd4 Bg7 6.Nde2 d6 7.g3 b6 8.Bg2 Ba6
9.O-O Rc8 10.Re1 Nf6 11.h3 O-O 12.a4 Nd7 13.Nb5 Nc5 14.Nec3 Qd7 15.Be3 Na5
16.Bd4 Ne6 17.Bxg7 Kxg7 18.e5 Bxb5 19.Nxb5 a6 20.Nd4 d5 21.h4 Rc4 22.Nxe6+ fxe6
23.b3 Rc3 24.Qd2 Qc7 25.Re2 Qc5 26.Kh2 Nc6 27.Rf1 Nd4  0-1

[Event "VII Ugra Governor's Cup"]
[Site "Khanty-Mansiysk RUS"]
[Date "2011.09.02"]
[Round "3"]
[White "Gordeev,S"]
[Black "Kalmachevskikh,V"]
[Result "1/2-1/2"]
[WhiteElo "1998"]
[BlackElo "2293"]

1.e4 c5 2.Ne2 Nc6 3.Nbc3 g6 4.d4 cxd4 5.Nxd4 Bg7 6.Be3 Nf6 7.Nxc6 bxc6 8.e5 Ng8
9.f4 f6 10.Bc4 fxe5 11.fxe5 Bxe5 12.Qf3 Nf6 13.O-O-O Bxc3 14.bxc3 d5 15.Qg3 Qd6
16.Qxd6 exd6 17.Bd4 Rf8 18.Rde1+ Kd8 19.Rhf1 Nd7 20.Rxf8+ Nxf8 21.Bf6+ Kc7
22.Re7+ Bd7 23.Bd3 Re8 24.Rf7 Ne6 25.Rxh7 Nf4 26.Kd2 Nxd3 27.cxd3 Rf8 28.Bh4 Rf4
29.Bg3 Ra4 30.Rg7 Rxa2+ 31.Ke3 Rxg2 32.Rxg6 Kc8 33.Rg8+ Kb7 34.Rg7 Kc8 35.Rg8+ Kb7
36.Rg7 Kc8 37.Rg8+ Kb7 38.Rg7 Kc8  1/2-1/2

[Event "10th Sunny Beach Open"]
[Site "Sunny Beach BUL"]
[Date "2011.09.02"]
[Round "7.30"]
[White "Angelov,G"]
[Black "Kaufeld,J"]
[Result "0-1"]
[WhiteElo "2218"]
[BlackElo "2260"]

1.e4 c5 2.Nc3 Nc6 3.Nf3 d6 4.d4 cxd4 5.Nxd4 Nf6 6.Bg5 Bd7 7.Qd2 h6 8.Be3 Ng4
9.O-O-O Nxe3 10.Qxe3 Nxd4 11.Qxd4 Qa5 12.f4 e6 13.f5 Rc8 14.fxe6 fxe6 15.Be2 Qc5
16.Rhf1 Qxd4 17.Bh5+ Kd8 18.Rxd4 Rc5 19.g4 Be7 20.Rf7 Rg8 21.e5 dxe5 22.Rd3 g6
23.g5 Ke8 24.gxh6 Kxf7 25.Ne4 Rc4 26.Rf3+ Ke8 27.h7 Rh8 28.Bxg6+ Kd8 29.Rf7 Bf8
30.Nf6 Bc6 31.Ng8 Rf4  0-1

[Event "10th Izmir Open"]
[Site "Izmir TUR"]
[Date "2011.09.03"]
[Round "4"]
[White "Tissir,M"]
[Black "Kumsiashvili,N"]
[Result "1/2-1/2"]
[WhiteElo "2454"]
[BlackElo "2022"]

1.e4 c5 2.Nc3 Nc6 3.Bb5 Nd4 4.Bc4 e6 5.Nge2 Nf6 6.O-O a6 7.d3 Qc7 8.Nxd4 cxd4
9.Ne2 Nxe4 10.dxe4 Qxc4 11.b3 Qc7 12.Nxd4 b5 13.Bb2 Bb7 14.Re1 Bd6 15.Qh5 O-O
16.Rad1 f6 17.Rd3 Rf7 18.c3 Rc8 19.Rh3 g6 20.Qd1 Bf8 21.Rg3 Bd6 22.Rh3 Bf8
23.Rd3 e5 24.Nc2 Rd8 25.Nb4 Bxb4 26.cxb4 d6 27.h4 Rfd7 28.h5 d5 29.hxg6 hxg6
30.Rg3 Rg7 31.Qf3 Qf7 32.exd5 Rxd5 33.Qe3 g5 34.Rc1 Qd7 35.Re1 Rd1 36.Bc3 Rxe1+
37.Bxe1 Qd1 38.Rh3 Qd5 39.Rg3 Qd1 40.Rh3 Qd5 41.Rg3 f5 42.Rxg5 f4 43.Rxg7+ Kxg7
44.Qh3 Qd1 45.Qc3 Kf6 46.f3 Qd4+ 47.Qxd4 exd4 48.Kf1 Bc8 49.Ke2 Bf5 50.Bh4+ Ke5
51.Kd2 Bb1 52.Be1 Bh7 53.Bf2 Bb1 54.Be1 Bh7 55.a4 Bg8 56.Kc2 Bh7+ 57.Kd2 Bg8
58.Kc2 Bh7+ 59.Kd2 Bg8 60.Kc2 Bh7+ 61.Kd2 Bg8 62.axb5 axb5 63.g3 fxg3 64.Bxg3+ Kf5
65.Kd3 Bxb3 66.Kxd4 Bc4 67.Bc7 Bf1 68.Bd6  1/2-1/2

[Event "10th Sunny Beach Open"]
[Site "Sunny Beach BUL"]
[Date "2011.09.03"]
[Round "8.13"]
[White "Nikolov,Sas"]
[Black "Kjurkchiiski,G"]
[Result "0-1"]
[WhiteElo "2412"]
[BlackElo "2241"]

1.e4 c5 2.Nc3 Nc6 3.Bb5 g6 4.Nf3 Bg7 5.O-O Na5 6.Re1 a6 7.Bf1 Nc6 8.Nd5 d6
9.c3 Nf6 10.h3 O-O 11.d4 cxd4 12.cxd4 Nxd5 13.exd5 Nb8 14.Bg5 Re8 15.Bc4 Nd7
16.Bb3 Nf6 17.Qd2 Bd7 18.Qf4 Rc8 19.Qh4 a5 20.a4 b5 21.axb5 Bxb5 22.Bh6 Rb8
23.Ng5 Bd7 24.Re3 Rb4 25.Rf3 Bh8 26.Re1 Qb6 27.Nxh7 Qxd4 28.Rf4 Qxb2 29.Rxb4 axb4
30.Nxf6+ Bxf6 31.Qg3 Bc3  0-1

[Event "Richard Reti Mem"]
[Site "Trnava SVK"]
[Date "2011.09.03"]
[Round "8.3"]
[White "Petenyi,T"]
[Black "Pacher,M"]
[Result "1-0"]
[WhiteElo "2398"]
[BlackElo "2408"]

1.e4 c5 2.Nf3 Nc6 3.Nc3 g6 4.Bb5 Bg7 5.Bxc6 bxc6 6.d3 d6 7.O-O e5 8.a3 a5
9.Nd2 Ne7 10.Nc4 d5 11.Nd2 O-O 12.Na4 f5 13.Nxc5 Qd6 14.Na4 Ba6 15.c4 Rad8
16.Qb3 fxe4 17.Qb6 Bc8 18.dxe4 dxe4 19.Nxe4 Qd3 20.Nac5 Qxc4 21.Bg5 Qf7 22.Qc7 Rfe8
23.Nd6 Rxd6 24.Qxd6 Nf5 25.Qxc6 Nd4 26.Qb6 e4 27.Be3 Nf3+ 28.gxf3 Qxf3 29.Qb3+ Kh8
30.Qd1 Qh3 31.Bd4 Be5 32.Bxe5+ Rxe5 33.Qd8+ Kg7 34.Qc7+ Kf6 35.Qd6+ Kf5 36.Qf8+ Kg5
37.f4+  1-0

[Event "Yuzhny Open"]
[Site "Yuzhny UKR"]
[Date "2011.09.03"]
[Round "1.28"]
[White "Svoboda,Indrzhikh"]
[Black "Troshohenko,P"]
[Result "0-1"]
[WhiteElo "1800"]
[BlackElo "2200"]

1.e4 c5 2.Nc3 Nc6 3.Nf3 g6 4.d4 cxd4 5.Nxd4 Bg7 6.Nxc6 bxc6 7.Qf3 Nf6 8.Bc4 O-O
9.O-O Qb6 10.Bb3 d6 11.h3 Nd7 12.Na4 Qc7 13.Qe3 c5 14.Nc3 Ne5 15.Nd5 Qb7
16.Qg5 Nc6 17.Ba4 f6 18.Bxc6 fxg5 19.Bxb7 Bxb7 20.Nxe7+ Kf7 21.Nd5 Rae8 22.f3 Bxd5
23.exd5 Re2 24.c3 Rfe8 25.Bxg5 Rxb2 26.Rab1 Bxc3 27.Rxb2 Bxb2 28.Rb1 Re2
29.Kf1 Rc2 30.Bh4 c4 31.Re1 Bf6 32.Bxf6 Kxf6 33.Re6+ Kf5 34.Rxd6 Ke5 35.Ra6 Kxd5
36.Rxa7 Rb2 37.a4 c3 38.Rc7 Kd4 39.Rxh7 c2 40.Rc7 Rb1+ 41.Kf2 c1=Q 42.Rxc1 Rxc1
43.Kg3 Ke5 44.Kg4 Kf6  0-1

[Event "VII Ugra Governor's Cup"]
[Site "Khanty-Mansiysk RUS"]
[Date "2011.09.04"]
[Round "5"]
[White "Zhabagin,Majdan"]
[Black "Perevozkin,Anatoly"]
[Result "1-0"]
[WhiteElo "1747"]
[BlackElo "1911"]

1.e4 c5 2.Nc3 Nc6 3.Nf3 a6 4.d3 e6 5.Bd2 Nge7 6.Be2 Ng6 7.O-O Be7 8.a3 Qc7
9.Ne1 Nd4 10.f4 Nxe2+ 11.Qxe2 f6 12.f5 Ne5 13.Bf4 O-O 14.Nf3 Nxf3+ 15.Qxf3 Qb6
16.Rab1 Qc6 17.Bd2 b5 18.Ne2 Bb7 19.Qh3 Rad8 20.Nf4 exf5 21.exf5 Rf7 22.Rbe1 b4
23.Re2 Bd6 24.Ng6 bxa3 25.bxa3 c4 26.d4 Bf8 27.Rfe1 Qd6 28.c3 Qxa3 29.Bc1 Qa4
30.Qg3 d6 31.h3 Qd7 32.Ba3 Bc6 33.Re6 Qb7 34.Nxf8 Rfxf8 35.Re7 Rf7 36.Rxb7 Rxb7
37.Bxd6 Rb2 38.Qf4 Rxg2+ 39.Kf1 Rg5 40.Be7 Rc8 41.Qd6 Bg2+ 42.Kf2 Bb7 43.Qe6+ Kh8
44.Qd7 Rg2+ 45.Ke3 Rb2 46.Re2 Rb3 47.Kf4 Rb8 48.Bd6 Rg8 49.Bb4 Bc8 50.Qf7 Rb1
51.Re8 g5+ 52.fxg6 Rf1+ 53.Kg3 Rg1+ 54.Kf2 Rxg6 55.Rxg8+ Rxg8 56.Qxf6+  1-0

[Event "9th Amantea Open"]
[Site "Amantea ITA"]
[Date "2011.09.05"]
[Round "2"]
[White "Rombaldoni,Ax"]
[Black "Palazzotto,R"]
[Result "1-0"]
[WhiteElo "2487"]
[BlackElo "1877"]

1.e4 c5 2.Nf3 Nc6 3.Nc3 d6 4.Bc4 Nf6 5.d4 cxd4 6.Nxd4 e5 7.Nf5 Be6 8.Ne3 Bxc4
9.Nxc4 Be7 10.Bg5 Nd4 11.Bxf6 Bxf6 12.Nd5 Rc8 13.Nce3 O-O 14.c3 Nc6 15.Qf3 Bg5
16.Nf5 g6 17.h4 gxf5 18.hxg5 Qxg5 19.Rh5 Qg7 20.Qxf5 f6 21.Nxf6+  1-0

[Event "10th African Games Women"]
[Site "Maputo MOZ"]
[Date "2011.09.05"]
[Round "1.3"]
[White "Mokgacha,Keitumetse"]
[Black "Ellappen,J"]
[Result "1-0"]
[WhiteElo "1886"]
[BlackElo "1908"]

1.e4 c5 2.Nf3 Nc6 3.Nc3 d6 4.Bc4 Nf6 5.h3 g6 6.O-O Bg7 7.d3 O-O 8.Be3 Na5
9.Bb3 a6 10.Qd2 Re8 11.Ng5 Nxb3 12.axb3 b6 13.f4 d5 14.exd5 Nxd5 15.Nxd5 Qxd5
16.Ra2 Ra7 17.Qf2 e5 18.Ne4 f5 19.Nc3 Qc6 20.Qf3 Qd7 21.Nd5 Bb7 22.Nxb6 Qe6
23.Qf2 Bc6 24.Bxc5 Rb7 25.Rxa6 exf4 26.Nc4 Qd5 27.Nd6 Rc7 28.Nxe8 Bxe8 29.Ra5 Qd7
30.Kh1 Bxb2 31.Qxf4 Bf6 32.Qe3 Bf7 33.Ra6 Bg7 34.Rd1 h6 35.Qe7 Qc8 36.Qd6 Rxc5
37.c4 Bf8 38.Qb6 Rc7 39.Rda1 Qd7 40.d4 Rb7 41.Ra7 Rxb6 42.Rxd7 Rxb3 43.c5 Rc3
44.Ra8 Kg7 45.Raa7 Bxc5 46.Rxf7+ Kg8 47.dxc5 Rxc5  1-0

[Event "TCh-POL 1st League"]
[Site "Mrzezyno POL"]
[Date "2011.09.05"]
[Round "3"]
[White "Le Roux,JP"]
[Black "Jakubiec,A"]
[Result "0-1"]
[WhiteElo "2522"]
[BlackElo "2528"]

1.e4 c5 2.Nf3 Nc6 3.Nc3 Nf6 4.Bb5 Nd4 5.e5 Nxb5 6.Nxb5 Nd5 7.O-O a6 8.Nc3 Nxc3
9.dxc3 Qc7 10.Ng5 h6 11.Ne4 b6 12.Re1 e6 13.Qh5 Bb7 14.Bg5 hxg5 15.Qxh8 Qxe5
16.Rad1 Bxe4 17.f3 d5 18.fxe4 d4 19.cxd4 cxd4 20.c3 dxc3 21.bxc3 Rc8 22.Rf1 g4
23.Qg8 Rc7 24.Rd3 g6 25.Rfd1 Qg7 26.Qxg7 Bxg7 27.Rd6 b5 28.Kf1 Bxc3 29.Rxa6 Ke7
30.Rc1 b4 31.Ke2 Rc4 32.Kd3 Rd4+ 33.Ke3 Rd7 34.Rc2 g5 35.Rc6 Ra7 36.Kd3 Rd7+
37.Kc4 Ra7 38.Kb5 Kf6 39.Rc5 Rb7+ 40.Kc6 Ra7 41.Rb5 Kg6 42.Rb7 Ra5 43.Re2 Ra6+
44.Kb5 Rd6 45.Rc2 Rd4 46.a4 Be1 47.Re2 Bc3 48.Rc7 Rd1 49.a5 Ra1 50.Rc4 f5
51.exf5+ Kxf5 52.a6 e5 53.Rc6 g3 54.hxg3 Kg4 55.Re3 Kf5 56.Rc4 g4 57.Re2 Ra3
58.Rc7 Ra1 59.Rf7+ Ke6 60.Rb7 Kd5 61.Rd7+ Ke6 62.Rd3 Kf5 63.Kb6 Bd4+ 64.Kb7 Ra5
65.Rc2 Rb5+ 66.Kc7 b3 67.Rc1 b2 68.Rb1 Ra5 69.Kb7 Rb5+ 70.Kc7 Ra5 71.Rxd4 exd4
72.Kb7 Ra2 73.Kc6 d3 74.Kd5 d2 75.Kc4 Rxa6  0-1

[Event "13th Trieste Open"]
[Site "Trieste ITA"]
[Date "2011.09.05"]
[Round "4"]
[White "Srebrnic,V"]
[Black "Ceschia,I"]
[Result "1/2-1/2"]
[WhiteElo "2244"]
[BlackElo "2316"]

1.e4 c5 2.Nc3 Nc6 3.Bb5 g6 4.f4 Nd4 5.Nf3 Nxb5 6.Nxb5 Bg7 7.O-O d6 8.d3 a6
9.Nc3 e6 10.Be3 Nf6 11.h3 b5 12.e5 Nd5 13.Nxd5 exd5 14.d4 c4 15.Bf2 O-O 16.Bh4 Qc7
17.Qd2 Bf5 18.c3 Bd3 19.Rfe1 Rae8 20.Re3 h6 21.Rae1 Be4 22.Qf2 f5 23.exf6 Bxf6
24.Bxf6 Rxf6 25.Qh4 Kg7 26.Nd2 Rfe6 27.g4 Qf7 28.Qg3 Bd3 29.Rxe6 Rxe6 30.Rxe6 Qxe6
31.Qf2 h5 32.gxh5 Qxh3 33.h6+ Qxh6 34.Qh2 Qh5 35.Qxh5 gxh5 36.Nf3 Be4 37.Nh4 a5
38.Kf2 Kf6 39.Ke3 Ke6 40.Kd2 Bb1 41.a3 Be4 42.Ke3  1/2-1/2

[Event "VII Ugra Governor's Cup"]
[Site "Khanty-Mansiysk RUS"]
[Date "2011.09.06"]
[Round "7"]
[White "Gordeev,S"]
[Black "Ivanets,V RUS"]
[Result "1/2-1/2"]
[WhiteElo "1998"]
[BlackElo "2188"]

1.e4 c5 2.Ne2 Nc6 3.Nbc3 e6 4.g3 a6 5.a4 g6 6.Bg2 Bg7 7.O-O Rb8 8.d3 Nd4
9.f4 Ne7 10.e5 d6 11.Nxd4 cxd4 12.Ne4 dxe5 13.fxe5 Bxe5 14.Bg5 O-O 15.Nf6+ Bxf6
16.Bxf6 Qd6 17.Qd2 Nf5 18.Rae1 Bd7 19.Be5 Qe7 20.Qf4 Rbc8 21.g4 f6 22.gxf5 fxe5
23.Qxe5 gxf5 24.Rf2 Rf6 25.Bxb7 Rg6+ 26.Kf1 Rc5 27.Qxd4 Bxa4 28.Bxa6 Rxc2
29.Qxa4 Rxf2+ 30.Kxf2 Qa7+ 31.d4 Qb8 32.Re5 Qxb2+ 33.Be2 Qc1 34.Qe8+ Kg7
35.Qe7+ Kh6 36.Qh4+ Kg7 37.Qe7+ Kh6 38.Qh4+ Kg7 39.Qe7+  1/2-1/2

[Event "3rd Zenderood Open"]
[Site "Esfahan IRI"]
[Date "2011.09.07"]
[Round "8"]
[White "Moghaddamian,A"]
[Black "Rostami,Taha"]
[Result "1-0"]
[WhiteElo "2237"]
[BlackElo "1976"]

1.Nc3 c5 2.e4 Nc6 3.Nf3 g6 4.g3 Bg7 5.Bg2 Nf6 6.O-O O-O 7.d3 d6 8.h3 Rb8
9.Be3 Nd7 10.Qd2 Re8 11.d4 cxd4 12.Nxd4 Nde5 13.b3 Bxh3 14.Nxc6 bxc6 15.Bxa7 Qa5
16.Bxb8 Nf3+ 17.Bxf3 Bxc3 18.Bc7 Qe5 19.Qh6 Bxf1 20.Rxf1 Bd4 21.Kg2 Rc8 22.Bxd6 exd6
23.Rh1 Qg7 24.Qxg7+ Kxg7 25.Rd1 c5 26.Be2 Re8 27.Kf3 h5 28.a4 Kf8 29.a5 Ke7
30.a6 Rb8 31.Bc4 Ra8 32.b4 Bc3 33.b5 Ba5 34.Bd5  1-0

[Event "TCh-POL 1st League"]
[Site "Mrzezyno POL"]
[Date "2011.09.07"]
[Round "5"]
[White "Kriebel,T"]
[Black "Janaszak,Daw"]
[Result "1/2-1/2"]
[WhiteElo "2339"]
[BlackElo "2352"]

1.e4 c5 2.Ne2 Nc6 3.Nbc3 d6 4.d4 cxd4 5.Nxd4 e5 6.Nf3 Nf6 7.Be2 Be7 8.O-O O-O
9.b3 Be6 10.Bb2 Rc8 11.Re1 a6 12.Nd2 Nd4 13.Bd3 Bg4 14.f3 Bd7 15.Nf1 b5 16.Ne3 Be6
17.Ncd5 Nc6 18.a4 Bxd5 19.exd5 Nb4 20.Bf5 Rc5 21.Ba3 Nfxd5 22.Nxd5 Rxd5 23.Qe2 bxa4
24.c3 Bh4 25.Bxb4 Bxe1 26.Rxe1 Qg5 27.c4 Rd4 28.Be4 Rb8 29.Bc3 Rxe4 30.Qxe4 axb3
31.Rb1 Qd8 32.c5 Qc7 33.Qc4 a5 34.Rxb3 Rxb3 35.Qxb3 Qxc5+ 36.Kf1 h5 37.Bd2 h4
38.Qb8+ Kh7 39.Qb1+ Kg8 40.Qe4 Qb5+ 41.Kf2 a4 42.Qxh4 Qb6+ 43.Kg3 a3 44.Qc4 Qb1
45.Qc8+ Kh7 46.Qh3+  1/2-1/2

[Event "TCh-POL 1st League"]
[Site "Mrzezyno POL"]
[Date "2011.09.07"]
[Round "5"]
[White "Polok,K"]
[Black "Borgula,R"]
[Result "1-0"]
[WhiteElo "2144"]
[BlackElo "2314"]

1.e4 c5 2.Nc3 Nc6 3.Bb5 g6 4.Bxc6 dxc6 5.d3 Bg7 6.Be3 b6 7.Qd2 e5 8.Nge2 Rb8
9.O-O Rb7 10.f4 exf4 11.Bxf4 f6 12.Rae1 Rf7 13.Nd1 Ne7 14.Ne3 Be6 15.Bg3 O-O
16.Nf4 Bd7 17.Nc4 Nc8 18.a4 Re8 19.b4 cxb4 20.Qxb4 c5 21.Qb3 Bc6 22.Rf2 Qd7
23.Ref1 Bxa4 24.Qa2 Bb5 25.Ne3 Qd4 26.Nfd5 c4 27.e5 f5 28.Rf4 Qc5 29.d4 Qc6
30.c3 a5 31.R4f3 Ba6 32.Bh4 Bb7 33.Rg3 a4 34.Nf6+ Bxf6 35.Bxf6 Rxf6 36.exf6 Kf8
37.Nxc4 Qxf6 38.Ne5 Kg7 39.Qxa4 Re7 40.Qb3 Rc7 41.Nd3 Qc6 42.Rxf5 Nd6 43.Re5 Ne4
44.d5 Qxc3 45.Qxc3 Nxc3 46.Nf4 Kf6 47.Re6+ Kf7 48.Rf3 Na4 49.Nh5+  1-0

[Event "15th Cesenatico Open"]
[Site "Cesenatico ITA"]
[Date "2011.09.08"]
[Round "7"]
[White "Drei,A"]
[Black "Sveshnikov,V"]
[Result "0-1"]
[WhiteElo "2260"]
[BlackElo "2412"]

1.e4 c5 2.Nf3 Nc6 3.Nc3 e5 4.Bc4 Be7 5.d3 Nf6 6.Nd2 a6 7.a4 d6 8.Nf1 Bg4
9.f3 Be6 10.Ne3 Nb4 11.O-O O-O 12.b3 Qd7 13.Ba3 Bd8 14.Qd2 Ba5 15.Qe2 Nc6
16.Ncd1 Nd4 17.Qf2 b5 18.Bxe6 fxe6 19.Bb2 Bb6 20.Kh1 Nh5 21.Nc3 Qf7 22.axb5 axb5
23.Rxa8 Rxa8 24.Ra1 Rxa1+ 25.Bxa1 Nf4 26.Bb2 h6 27.Ncd1 Kh7 28.Bxd4 cxd4
29.Nf1 Qa7 30.g3 Qa1 31.gxf4 Qxd1 32.fxe5 dxe5 33.h4 Bd8 34.Kg2 h5 35.Kh3 Qc1
36.Ng3 g6 37.Nf1 Ba5 38.Nh2 Bd2 39.Nf1 Bb4 40.Ng3 Bd2 41.Nf1 Bf4 42.Qe2 Kg7
43.Kg2 Kf7 44.Ng3 Ke7 45.Nh1 Bd2 46.Nf2 Qxc2 47.f4 exf4 48.e5 Qc6+ 49.Ne4 Ba5
50.Qf2 Bc7 51.Qxf4 Qd5 52.Qf6+ Kd7 53.Qf7+ Kc6 54.Qxg6 Qxe5 55.Nf2 Kc5 56.Qe8 Kb4
57.Kf1 Kxb3 58.Qc6 Ba5 59.Ne4 Bc3 60.Nc5+ Kb4 61.Na6+ Ka3 62.Nc5 Qf5+ 63.Kg1 Qg4+
64.Kf1 Qh3+ 65.Ke2 Qg4+ 66.Kf1 Qd1+ 67.Kg2 b4 68.Qa6+ Kb2 69.Qxe6 Qg4+ 70.Qxg4 hxg4
71.Kg3 b3 72.Kxg4 Kc2 73.Nxb3 Kxb3 74.Kf3 Bd2  0-1

[Event "10th Izmir Open"]
[Site "Izmir TUR"]
[Date "2011.09.08"]
[Round "9"]
[White "Imnadze,N"]
[Black "Patel,Y"]
[Result "1-0"]
[WhiteElo "1993"]
[BlackElo "1813"]

1.e4 c5 2.Nc3 Nc6 3.Bb5 g6 4.Bxc6 dxc6 5.d3 Bg7 6.Be3 Qa5 7.Ne2 Nf6 8.f3 O-O
9.Qd2 Be6 10.Bh6 c4 11.d4 Bxh6 12.Qxh6 Qh5 13.Qe3 Qa5 14.h4 h5 15.e5 Nd5
16.Qh6 Nxc3 17.Nxc3 Rfd8 18.O-O-O b5 19.Ne4 c3 20.bxc3 Qa3+ 21.Kd2 b4 22.Ke1 g5
23.hxg5 Bf5 24.Rxh5  1-0

[Event "Yuzhny Open"]
[Site "Yuzhny UKR"]
[Date "2011.09.08"]
[Round "9.23"]
[White "Kalinina,M"]
[Black "Voronov,Y"]
[Result "1-0"]
[WhiteElo "2039"]
[BlackElo "2294"]

1.e4 c5 2.Nf3 Nc6 3.Nc3 Nf6 4.d4 cxd4 5.Nxd4 d6 6.f4 g6 7.Nf3 Bg7 8.Bd3 O-O
9.O-O Bg4 10.Qe1 Qa5 11.Kh1 Rac8 12.Bd2 Qh5 13.Qg3 Nb4 14.h3 Nxd3 15.cxd3 Bxf3
16.Rxf3 Qc5 17.Be3 Qa5 18.Qf2 b5 19.a4 b4 20.Nb5 b3 21.Bd2 Qb6 22.Qxb6 axb6
23.Ra3 Rc2 24.Bc3 Ra8 25.Nd4 Rc1+ 26.Kh2 Nd7 27.Rxb3 Rxa4 28.Ne2 Rca1 29.Bxg7 Kxg7
30.Nc3 Ra6 31.Nd5 e6 32.Nc7 Nc5 33.Rb4 R6a4 34.Rxb6 Rd4 35.Ne8+ Kf8 36.Nxd6 Nxd3
37.Kg3 Nxb2 38.e5 Nc4 39.Rb8+ Kg7 40.Ne8+ Kh6 41.Rfb3 Nd2 42.R3b4 Ra3+ 43.Kh2 Nf1+
44.Kg1 Rxb4 45.Rxb4 Ng3 46.Nd6 Ra7 47.Kf2 Nf5 48.g4 Nxd6 49.exd6 Rd7 50.Rb6 Kg7
51.Ke3 f6 52.Kd4 Kf7 53.Kc5 e5 54.f5 gxf5 55.gxf5 Ra7 56.Kc6 Ra1 57.Rb7+ Ke8
58.Rxh7 Rd1 59.d7+  1-0

[Event "9th Amantea Open"]
[Site "Amantea ITA"]
[Date "2011.09.09"]
[Round "7"]
[White "Van Eijk,S"]
[Black "Piscopo,P"]
[Result "1/2-1/2"]
[WhiteElo "2372"]
[BlackElo "2373"]

1.e4 c5 2.Nc3 Nc6 3.Nge2 Nd4 4.d3 g6 5.Nxd4 cxd4 6.Ne2 Bg7 7.c3 dxc3 8.Nxc3 d6
9.Be3 Nf6 10.d4 O-O 11.Be2 Be6 12.O-O Qa5 13.f4 Rfc8 14.Bf3 Bc4 15.Rf2 e5
16.Qd2 Re8 17.h3 Rac8 18.Rc1 Ba6 19.Rc2 Rc4 20.b3 Rxd4 21.Bxd4 exd4 22.Qxd4 Ng4
23.Qd5 Bxc3 24.Bxg4 Qxd5 25.exd5 Bd4 26.Rc8 Kf8 27.g3 Bd3 28.Rxe8+ Kxe8 29.Kg2 Bxf2
30.Kxf2 Ke7  1/2-1/2

[Event "8th LGA Premium Cup"]
[Site "Nuernberg GER"]
[Date "2011.09.09"]
[Round "2.49"]
[White "Seyb,A"]
[Black "Eber,F"]
[Result "0-1"]
[WhiteElo "2314"]
[BlackElo "1946"]

1.e4 c5 2.Nf3 Nc6 3.Nc3 g6 4.d4 cxd4 5.Nxd4 Bg7 6.Be3 d6 7.Qd2 Bd7 8.O-O-O Qa5
9.Kb1 Rc8 10.f3 a6 11.Nb3 Bxc3 12.Nxa5 Bxd2 13.Bxd2 Nxa5 14.Bxa5 f6 15.Be2 Nh6
16.Rd2 Nf7 17.b3 Nd8 18.Kb2 Ne6 19.c4 Kf7 20.Bb6 Nf4 21.Bf1 g5 22.h4 g4 23.g3 Nh5
24.Bf2 gxf3 25.Bh3 Bxh3 26.Rxh3 Rhg8 27.Rd5 Ng7 28.Rd3 Ne6 29.Rxf3 Rg4 30.Rh1 Rxe4
31.Re1 Rxe1 32.Bxe1 Rg8 33.Kc3 Rg4 34.b4 b5 35.cxb5 axb5 36.Rf5 Nc7 37.Kb3 e5
38.a4 bxa4+ 39.Kxa4 Nd5 40.Ka5 Ke6 41.Rf1 Rg8 42.Ka6 Rb8 43.Ka7 Rb5 44.Ka6 Nc7+
45.Ka7 Kd7 46.Bf2 Rxb4 47.Bb6 Nd5 48.Ba5 Rb3 49.g4 Ra3 50.Ka6 Nc7+ 51.Kb6 Rb3+
52.Ka7 Kc8 53.Bxc7 Kxc7 54.Ka6 Kc6 55.Ka5 Kc5 56.Rc1+ Kd5 57.Rc7 Rg3 58.Rxh7 Rxg4
59.h5 Rh4 60.Kb6 f5 61.Kc7 f4 62.Rh6 f3 63.Rxd6+ Ke4 64.Rf6 Rxh5  0-1

[Event "9th Amantea Open"]
[Site "Amantea ITA"]
[Date "2011.09.10"]
[Round "8"]
[White "Marholev,D"]
[Black "Gromovs,S"]
[Result "1-0"]
[WhiteElo "2355"]
[BlackElo "2297"]

1.e4 c5 2.Nc3 Nc6 3.Bb5 Na5 4.f4 a6 5.Be2 b5 6.Nf3 Bb7 7.d3 e6 8.O-O b4 9.Na4 d5
10.e5 Nh6 11.a3 bxa3 12.Rxa3 Nf5 13.g4 Nd4 14.Nxd4 cxd4 15.Ra1 Rc8 16.Bd2 Nc6
17.Qe1 Be7 18.Rf3 O-O 19.Rh3 a5 20.g5 Nb4 21.Bxb4 axb4 22.Qh4 h6 23.Bd1 b3
24.cxb3 Qa5 25.Be2 Rc2 26.Kf2 Rfc8 27.Qg4 Rc1 28.Rxc1 Rxc1 29.gxh6 g6 30.h7+ Kh8
31.f5 Qe1+ 32.Kf3 Rc2 33.Qg2 exf5 34.Qf2 Qh1+ 35.Kg3 Bg5 36.e6 Be3 37.Qf1 Qxf1
38.Bxf1 fxe6 39.b4 e5 40.Nc5 Bc8 41.Kh4 Kxh7 42.Rf3 Rxh2+ 43.Rh3 Rxb2 44.Kg3+ Kg8
45.Rh1 Kf7 46.Rh7+ Ke8 47.Rh8+ Kf7 48.Rxc8 Rd2 49.b5  1-0

[Event "15th Cesenatico Open"]
[Site "Cesenatico ITA"]
[Date "2011.09.10"]
[Round "9"]
[White "Fedorchuk,S"]
[Black "Sveshnikov,E"]
[Result "1/2-1/2"]
[WhiteElo "2635"]
[BlackElo "2504"]

1.e4 c5 2.Nc3 Nc6 3.Nge2 e5 4.Nd5 Nf6 5.Nxf6+ Qxf6 6.Nc3 d6 7.Nd5 Qd8 8.Bc4 Rb8
9.a4 a6 10.d3 b5 11.Ba2 Be7 12.O-O O-O 13.f4 exf4 14.axb5 axb5 15.Bxf4 Bg5
16.Qh5 h6 17.Bxg5 Qxg5 18.Qxg5 hxg5 19.Ne3 Be6 20.Nf5 c4 21.Nxd6 Rfd8 22.Nf5 Bxf5
23.Rxf5 Nd4 24.Rf2 Ra8 25.b4 Nb3 26.cxb3 cxb3 27.Rd2 Rxa2 28.Raxa2 bxa2 29.Rxa2 Rxd3
30.Ra5 Rd4 31.Rxb5 Rxe4 32.Kf2 g4 33.Rb7 f5 34.g3  1/2-1/2

[Event "ch-Euro Youth g18"]
[Site "Albena BUL"]
[Date "2011.09.11"]
[Round "1.11"]
[White "Stetsko,L"]
[Black "Haitovich,A"]
[Result "1-0"]
[WhiteElo "2137"]
[BlackElo "1903"]

1.e4 c5 2.Nc3 Nc6 3.Nge2 g6 4.d4 cxd4 5.Nxd4 Bg7 6.Nb3 Nf6 7.Be2 O-O 8.O-O d6
9.Re1 e5 10.Bg5 h6 11.Bxf6 Qxf6 12.Nd5 Qd8 13.Qd2 Re8 14.Rad1 Be6 15.c3 Qd7
16.Ne3 Rad8 17.Bc4 h5 18.Qd3 a6 19.Bd5 b5 20.a4 bxa4 21.Nd2 Nb8 22.Ra1 Qb5
23.Qc2 Bd7 24.Ndc4 Bf8 25.Red1 Nc6 26.Rd2 Na5 27.Nxa5 Qxa5 28.Qd1 Qb5 29.Qf3 Be6
30.Bxe6 fxe6 31.Qd1 Bh6 32.Qxa4 Qb6 33.Nc4 Qb8 34.Rxd6 Rxd6 35.Nxd6 Rd8 36.Nc4 Qa7
37.Nxe5 Rf8 38.Qd4 Qb8 39.Nxg6 Bg7 40.Qc4 Rf6 41.Ne7+ Kf7 42.Nc6 Qxb2 43.Rf1 Kg8
44.e5 Rh6 45.Ne7+ Kf8 46.Qc5 Kf7 47.Qc7 Bxe5 48.Qxe5 Kxe7 49.Qg7+  1-0